00848nam a22002537a 450000500170000001000130001702000110003003500130004103700160005404000120007008200150008210000330009724500750013026000340020527000280023930000320026750000190029965000230031865000350034170000270037694200240040399900190042795201480044620170124105942.0 aA-870790 c150.00 aA-870790 bCen Lib/Ret aDPLbEN a302.3bDON aDonaldson, Michael C.911586 aNegotiating for dummies /cby Michael C Donaldson [and] Mimi Donaldson aUSAbIDG Books Worlwidec1996 bCaliforniaaFoster City axxiv,350p.:c23cm(Hb)bill. aIncludes index aNegotiation988609 aNegotiation in business911588 aDonaldson, Mimi911589 2ddccENh302.3mDON c124682d124682 04104070aLbLd2015-06-18eCen Lib/Retg150.00l0o302.3 DONpA-870790r2015-06-18 00:00:00t1v150.00w2015-06-18yENzW/d list no. 6835/23